[Event "European Youth Chess Championship B16"]
[Site "Prague, Top Hotel Prague"]
[Date "2012.08.20"]
[Round "4.1"]
[White "Harutyunian, Tigran K."]
[Black "Boruchovsky, Avital"]
[Result "0-1"]
[WhiteElo "2308"]
[BlackElo "2415"]
[PlyCount "0"]
[EventDate "2012.08.17"]

1. d4 {[%clk 1:30:59]} e6 {[%clk 1:30:55]} 2. c4 {[%clk 1:31:18]} Bb4+
{[%clk 1:31:21]} 3. Nc3 {[%clk 1:31:35]} c5 {[%clk 1:31:45]} 4. Nf3
{[%clk 1:30:27]} Nf6 {[%clk 1:31:48]} 5. g3 {[%clk 1:30:02]} Nc6 {[%clk 1:31:58]}
6. Bg2 {[%clk 1:26:39]} O-O {[%clk 1:17:28]} 7. O-O {[%clk 1:25:58]} d5
{[%clk 1:13:40]} 8. cxd5 {[%clk 1:06:09]} exd5 {[%clk 1:13:02]} 9. Bg5
{[%clk 1:06:17]} Bxc3 {[%clk 1:00:56]} 10. bxc3 {[%clk 1:06:20]} h6
{[%clk 0:59:33]} 11. Bf4 {[%clk 0:51:25]} Ne4 {[%clk 0:51:57]} 12. dxc5
{[%clk 0:47:27]} Nxc3 {[%clk 0:48:41]} 13. Qc2 {[%clk 0:45:44]} Qf6
{[%clk 0:36:12]} 14. e3 {[%clk 0:22:22]} Bf5 {[%clk 0:33:33]} 15. Qd2
{[%clk 0:16:22]} Rfd8 {[%clk 0:29:15]} 16. Nd4 {[%clk 0:12:30]} Ne4
{[%clk 0:26:36]} 17. Bxe4 {[%clk 0:10:27]} dxe4 {[%clk 0:26:57]} 18. Qe2
{[%clk 0:05:42]} Rxd4 {[%clk 0:21:02]} 19. exd4 {[%clk 0:06:07]} Nxd4
{[%clk 0:21:27]} 20. Qe3 {[%clk 0:02:28]} Bg4 {[%clk 0:20:33]} 21. Rad1
{[%clk 0:01:09]} Ne2+ {[%clk 0:20:41]} 22. Kg2 {[%clk 0:01:09]} Bf3+
{[%clk 0:21:05]} 0-1

[Event "European Youth Chess Championship B16"]
[Site "Prague, Top Hotel Prague"]
[Date "2012.08.20"]
[Round "4.2"]
[White "Meng, Roger"]
[Black "Bortnik, Alexandr"]
[Result "1-0"]
[WhiteElo "2291"]
[BlackElo "2365"]
[PlyCount "0"]
[EventDate "2012.08.17"]

1. d4 {[%clk 1:30:50]} Nf6 {[%clk 1:30:54]} 2. Nf3 {[%clk 1:31:14]} e6
{[%clk 1:31:19]} 3. c4 {[%clk 1:31:40]} c5 {[%clk 1:31:40]} 4. d5
{[%clk 1:27:50]} b5 {[%clk 1:31:59]} 5. dxe6 {[%clk 1:26:41]} fxe6
{[%clk 1:32:16]} 6. cxb5 {[%clk 1:27:08]} a6 {[%clk 1:31:32]} 7. bxa6
{[%clk 1:25:16]} Bxa6 {[%clk 1:31:33]} 8. g3 {[%clk 1:25:33]} Be7
{[%clk 1:30:13]} 9. Bg2 {[%clk 1:25:56]} d5 {[%clk 1:26:09]} 10. O-O
{[%clk 1:24:20]} O-O {[%clk 1:20:58]} 11. Nc3 {[%clk 1:15:12]} Nc6
{[%clk 1:16:46]} 12. Re1 {[%clk 0:50:29]} Qe8 {[%clk 0:50:05]} 13. Ng5
{[%clk 0:37:42]} Bd8 {[%clk 0:46:00]} 14. e4 {[%clk 0:34:16]} d4 {[%clk 0:34:21]}
15. e5 {[%clk 0:33:02]} dxc3 {[%clk 0:25:40]} 16. exf6 {[%clk 0:33:26]} Bxf6
{[%clk 0:25:40]} 17. bxc3 {[%clk 0:30:17]} Bc4 {[%clk 0:18:20]} 18. Qc2
{[%clk 0:21:17]} Bxg5 {[%clk 0:14:31]} 19. Bxg5 {[%clk 0:21:46]} Ra6
{[%clk 0:14:43]} 20. h4 {[%clk 0:10:47]} h6 {[%clk 0:12:09]} 21. Be3
{[%clk 0:11:03]} Ne5 {[%clk 0:06:58]} 22. Bxc5 {[%clk 0:08:51]} Nf3+
{[%clk 0:07:23]} 23. Bxf3 {[%clk 0:09:04]} Rxf3 {[%clk 0:07:52]} 24. Qe4
{[%clk 0:09:19]} Rxc3 {[%clk 0:06:05]} 25. Bd4 {[%clk 0:07:06]} Rca3
{[%clk 0:05:25]} 26. Bxg7 {[%clk 0:04:31]} Bd3 {[%clk 0:05:39]} 27. Qg4
{[%clk 0:03:41]} h5 {[%clk 0:05:47]} 28. Qg5 {[%clk 0:03:44]} Qg6
{[%clk 0:06:12]} 29. Qxg6 {[%clk 0:03:13]} Bxg6 {[%clk 0:06:35]} 30. Bb2
{[%clk 0:01:15]} R3a4 {[%clk 0:05:01]} 31. a3 {[%clk 0:01:35]} Rc6
{[%clk 0:03:35]} 32. Rac1 {[%clk 0:01:37]} Rxc1 {[%clk 0:02:21]} 33. Rxc1
{[%clk 0:02:06]} Re4 {[%clk 0:01:47]} 34. Bc3 {[%clk 0:02:12]} Bf5
{[%clk 0:01:37]} 35. Ra1 {[%clk 0:02:25]} Ra4 {[%clk 0:01:53]} 36. Bb4
{[%clk 0:02:22]} Kf7 {[%clk 0:01:13]} 37. f3 {[%clk 0:01:47]} e5 {[%clk 0:00:53]}
38. Re1 {[%clk 0:01:43]} Ke6 {[%clk 0:01:09]} 39. Kf2 {[%clk 0:01:24]} Bc2
{[%clk 0:00:33]} 40. Rc1 {[%clk 0:31:32]} Bf5 {[%clk 0:30:35]} 41. Rc6+
{[%clk 0:31:14]} Kf7 {[%clk 0:30:12]} 42. Rc7+ {[%clk 0:29:07]} Kf6
{[%clk 0:29:11]} 43. Ke3 {[%clk 0:29:16]} Ra8 {[%clk 0:29:13]} 44. Rc6+
{[%clk 0:27:16]} Kf7 {[%clk 0:29:37]} 45. Rc4 {[%clk 0:21:22]} Rg8
{[%clk 0:28:26]} 46. Kf2 {[%clk 0:20:47]} Ke6 {[%clk 0:26:02]} 47. Rc5
{[%clk 0:19:45]} Rd8 {[%clk 0:21:14]} 48. a4 {[%clk 0:15:04]} e4 {[%clk 0:08:52]}
49. fxe4 {[%clk 0:13:30]} Bxe4 {[%clk 0:09:17]} 50. Rxh5 {[%clk 0:13:23]} Rd3
{[%clk 0:09:41]} 51. Rg5 {[%clk 0:12:31]} Rd4 {[%clk 0:10:06]} 52. Rb5
{[%clk 0:07:11]} Rd3 {[%clk 0:10:15]} 53. Rb6+ {[%clk 0:06:52]} Kf5
{[%clk 0:08:36]} 54. Be1 {[%clk 0:06:14]} Ra3 {[%clk 0:07:47]} 55. Rb5+
{[%clk 0:06:30]} Kg4 {[%clk 0:07:48]} 56. Rb4 {[%clk 0:06:33]} Kf5
{[%clk 0:08:12]} 57. g4+ {[%clk 0:05:57]} Ke5 {[%clk 0:08:30]} 58. h5
{[%clk 0:03:58]} Bc2 {[%clk 0:07:55]} 59. a5 {[%clk 0:03:30]} Bd1
{[%clk 0:05:57]} 60. Bd2 {[%clk 0:02:53]} Kd5 {[%clk 0:03:48]} 61. h6
{[%clk 0:02:37]} Rh3 {[%clk 0:02:59]} 62. Rb5+ {[%clk 0:02:19]} Kc4
{[%clk 0:01:22]} 63. Rh5 {[%clk 0:02:33]} Rf3+ {[%clk 0:01:32]} 64. Ke1
{[%clk 0:02:27]} Bc2 {[%clk 0:01:47]} 65. h7 {[%clk 0:02:42]} Bd3
{[%clk 0:02:12]} 66. Rh1 {[%clk 0:03:00]} 1-0

[Event "European Youth Chess Championship B16"]
[Site "Prague, Top Hotel Prague"]
[Date "2012.08.20"]
[Round "4.3"]
[White "Drozdowski, Kacper"]
[Black "Khamidov, Komil"]
[Result "1-0"]
[WhiteElo "2350"]
[BlackElo "2090"]
[PlyCount "0"]
[EventDate "2012.08.17"]

1. c4 {[%clk 1:30:58]} e5 {[%clk 1:28:44]} 2. Nc3 {[%clk 1:31:18]} Nf6
{[%clk 1:25:01]} 3. Nf3 {[%clk 1:31:20]} Nc6 {[%clk 1:24:40]} 4. e3
{[%clk 1:30:11]} Bb4 {[%clk 1:21:27]} 5. Qc2 {[%clk 1:30:20]} O-O
{[%clk 1:17:07]} 6. Nd5 {[%clk 1:29:36]} e4 {[%clk 1:05:30]} 7. Nxf6+
{[%clk 1:27:55]} Qxf6 {[%clk 1:05:50]} 8. Qxe4 {[%clk 1:28:04]} d6
{[%clk 1:05:22]} 9. Bd3 {[%clk 1:27:23]} g6 {[%clk 1:05:38]} 10. Qh4
{[%clk 1:25:04]} Qg7 {[%clk 1:02:18]} 11. a3 {[%clk 1:22:13]} Bc5
{[%clk 1:01:07]} 12. O-O {[%clk 1:20:42]} h6 {[%clk 0:54:50]} 13. Rb1
{[%clk 1:06:20]} g5 {[%clk 0:54:01]} 14. Qh5 {[%clk 1:04:03]} Be6
{[%clk 0:40:58]} 15. b4 {[%clk 1:03:07]} Bb6 {[%clk 0:41:27]} 16. Bb2
{[%clk 1:00:17]} f6 {[%clk 0:41:56]} 17. Rfc1 {[%clk 0:51:36]} Ne7
{[%clk 0:39:01]} 18. c5 {[%clk 0:42:34]} dxc5 {[%clk 0:36:56]} 19. bxc5
{[%clk 0:42:52]} Ba5 {[%clk 0:36:59]} 20. Nd4 {[%clk 0:42:58]} Ba2
{[%clk 0:35:49]} 21. Ra1 {[%clk 0:36:51]} Bf7 {[%clk 0:35:57]} 22. Qe2
{[%clk 0:36:15]} f5 {[%clk 0:33:34]} 23. Bc4 {[%clk 0:32:54]} Qg6
{[%clk 0:32:08]} 24. Nf3 {[%clk 0:27:40]} Nc6 {[%clk 0:30:55]} 25. d4
{[%clk 0:26:21]} g4 {[%clk 0:30:37]} 26. Nh4 {[%clk 0:26:00]} Qg5
{[%clk 0:30:02]} 27. g3 {[%clk 0:26:06]} Ne7 {[%clk 0:29:14]} 28. Bxf7+
{[%clk 0:20:40]} Rxf7 {[%clk 0:29:37]} 29. Qb5 {[%clk 0:20:50]} Bd2
{[%clk 0:22:46]} 30. Rf1 {[%clk 0:15:39]} Nd5 {[%clk 0:18:17]} 31. Ng2
{[%clk 0:12:29]} c6 {[%clk 0:17:53]} 32. Qa4 {[%clk 0:11:52]} Qd8
{[%clk 0:16:05]} 33. Qc2 {[%clk 0:08:05]} Ba5 {[%clk 0:16:20]} 34. f3
{[%clk 0:08:27]} Qg5 {[%clk 0:14:04]} 35. Qd3 {[%clk 0:06:00]} gxf3
{[%clk 0:07:25]} 36. Rxf3 {[%clk 0:06:29]} Bc7 {[%clk 0:06:29]} 37. Raf1
{[%clk 0:06:51]} Raf8 {[%clk 0:06:10]} 38. Bc1 {[%clk 0:06:55]} Qg4
{[%clk 0:06:25]} 39. Nh4 {[%clk 0:05:43]} Qe4 {[%clk 0:02:31]} 40. Qxe4
{[%clk 0:34:49]} fxe4 {[%clk 0:32:55]} 41. Rxf7 {[%clk 0:34:34]} Rxf7
{[%clk 0:30:59]} 42. Nf5 {[%clk 0:29:48]} Kh7 {[%clk 0:23:23]} 43. g4
{[%clk 0:27:08]} Kg6 {[%clk 0:20:39]} 44. Kg2 {[%clk 0:27:22]} Rf6
{[%clk 0:18:15]} 45. h3 {[%clk 0:26:33]} h5 {[%clk 0:10:09]} 46. Bd2
{[%clk 0:16:12]} hxg4 {[%clk 0:09:24]} 47. hxg4 {[%clk 0:16:40]} Kg5
{[%clk 0:08:55]} 48. Kh3 {[%clk 0:15:58]} Rf8 {[%clk 0:08:26]} 49. Be1
{[%clk 0:15:58]} Rh8+ {[%clk 0:07:20]} 50. Bh4+ {[%clk 0:16:17]} Kg6
{[%clk 0:06:57]} 51. Rb1 {[%clk 0:13:00]} Bd8 {[%clk 0:01:38]} 52. Kg3
{[%clk 0:07:38]} Bxh4+ {[%clk 0:00:53]} 53. Nxh4+ {[%clk 0:08:06]} Kg5
{[%clk 0:01:14]} 54. Nf5 {[%clk 0:07:43]} Rh7 {[%clk 0:01:21]} 55. Nd6
{[%clk 0:06:07]} Nf6 {[%clk 0:00:36]} 56. Rf1 {[%clk 0:05:15]} b6
{[%clk 0:00:33]} 57. Rf5+ {[%clk 0:04:59]} Kg6 {[%clk 0:01:03]} 58. Re5
{[%clk 0:04:22]} bxc5 {[%clk 0:00:40]} 59. Rxc5 {[%clk 0:04:05]} Rh1
{[%clk 0:00:38]} 60. Rxc6 {[%clk 0:04:23]} Kg7 {[%clk 0:00:32]} 61. Nf5+
{[%clk 0:04:23]} Kg6 {[%clk 0:00:42]} 62. Kf4 {[%clk 0:04:03]} Kf7
{[%clk 0:00:36]} 63. g5 {[%clk 0:03:00]} Rf1+ {[%clk 0:00:39]} 64. Ke5
{[%clk 0:03:04]} Ng8 {[%clk 0:00:36]} 65. g6+ {[%clk 0:03:16]} Ke8
{[%clk 0:00:45]} 66. Rc8+ {[%clk 0:03:36]} 1-0

[Event "European Youth Chess Championship B16"]
[Site "Prague, Top Hotel Prague"]
[Date "2012.08.20"]
[Round "4.4"]
[White "Santos Latasa, Jaime"]
[Black "Grib, Roman"]
[Result "1/2-1/2"]
[WhiteElo "2403"]
[BlackElo "2309"]
[PlyCount "0"]
[EventDate "2012.08.17"]

1. e4 {[%clk 1:30:53]} c5 {[%clk 1:30:43]} 2. Nf3 {[%clk 1:31:16]} Nc6
{[%clk 1:30:59]} 3. d4 {[%clk 1:31:39]} cxd4 {[%clk 1:31:24]} 4. Nxd4
{[%clk 1:32:04]} g6 {[%clk 1:31:37]} 5. Nc3 {[%clk 1:32:27]} Bg7 {[%clk 1:31:09]}
6. Be3 {[%clk 1:32:52]} d6 {[%clk 1:31:26]} 7. Bc4 {[%clk 1:32:56]} Nf6
{[%clk 1:30:35]} 8. f3 {[%clk 1:31:47]} O-O {[%clk 1:28:38]} 9. Bb3
{[%clk 1:31:50]} Nd7 {[%clk 1:20:37]} 10. Qd2 {[%clk 1:30:31]} a5 11. a3
{[%clk 1:25:34]} Nxd4 {[%clk 0:57:27]} 12. Bxd4 {[%clk 1:25:53]} Bxd4
{[%clk 0:57:48]} 13. Qxd4 {[%clk 1:26:16]} Nc5 {[%clk 0:58:00]} 14. Bd5
{[%clk 1:24:56]} Rb8 {[%clk 0:48:18]} 15. h4 {[%clk 1:18:59]} b5 {[%clk 0:36:31]}
16. b4 {[%clk 1:19:23]} Ne6 {[%clk 0:28:51]} 17. Qd2 {[%clk 1:18:35]} f6
{[%clk 0:27:46]} 18. f4 {[%clk 1:12:52]} Kg7 {[%clk 0:20:37]} 19. Bb3
{[%clk 1:11:11]} Nc7 {[%clk 0:17:05]} 20. h5 {[%clk 1:10:01]} Bg4
{[%clk 0:15:11]} 21. hxg6 {[%clk 1:08:01]} hxg6 {[%clk 0:15:12]} 22. Rh4
{[%clk 1:07:47]} f5 {[%clk 0:09:50]} 23. exf5 {[%clk 1:04:09]} gxf5
{[%clk 0:10:15]} 24. Kf2 {[%clk 1:03:51]} Rh8 {[%clk 0:06:31]} 25. Rxh8
{[%clk 1:03:54]} Qxh8 {[%clk 0:06:21]} 26. Qd4+ {[%clk 1:04:19]} Kg6
{[%clk 0:06:14]} 27. Qxh8 {[%clk 1:02:48]} Rxh8 {[%clk 0:06:40]} 28. Re1
{[%clk 1:02:47]} a4 {[%clk 0:03:22]} 29. Bd5 {[%clk 0:59:02]} Kf6
{[%clk 0:03:32]} 30. Bc6 {[%clk 0:58:18]} Rb8 {[%clk 0:03:06]} 31. Rh1
{[%clk 0:58:29]} Kg7 {[%clk 0:02:33]} 32. Re1 {[%clk 0:54:40]} Kf6
{[%clk 0:02:58]} 33. Nd5+ {[%clk 0:54:51]} Nxd5 {[%clk 0:03:19]} 34. Bxd5
{[%clk 0:55:11]} e5 {[%clk 0:03:34]} 35. Ke3 {[%clk 0:53:34]} Rc8
{[%clk 0:00:56]} 36. Kd3 {[%clk 0:53:51]} Rc7 {[%clk 0:00:47]} 37. c4
{[%clk 0:53:19]} bxc4+ {[%clk 0:00:49]} 38. Bxc4 {[%clk 0:53:43]} Bh5
{[%clk 0:00:39]} 39. b5 {[%clk 0:50:45]} Be8 {[%clk 0:00:42]} 40. Rb1
{[%clk 1:19:15]} Rb7 {[%clk 0:30:34]} 41. Kc3 {[%clk 1:16:07]} Rg7
{[%clk 0:12:58]} 42. Rd1 {[%clk 1:13:32]} Ke7 {[%clk 0:08:24]} 43. fxe5
{[%clk 1:13:15]} dxe5 {[%clk 0:08:51]} 44. Rd2 {[%clk 1:11:06]} e4
{[%clk 0:07:26]} 45. Kb4 {[%clk 1:10:52]} e3 {[%clk 0:07:12]} 46. Re2
{[%clk 1:09:46]} f4 {[%clk 0:07:11]} 47. Kxa4 {[%clk 1:07:44]} Kd6
{[%clk 0:06:06]} 48. Kb4 {[%clk 1:06:27]} Rg4 {[%clk 0:04:10]} 49. Rc2
{[%clk 1:04:50]} Bg6 {[%clk 0:02:36]} 50. Rc1 {[%clk 1:02:13]} Rxg2
{[%clk 0:02:11]} 51. Rd1+ {[%clk 1:01:23]} Rd2 {[%clk 0:01:58]} 52. Rf1
{[%clk 1:00:59]} Ke5 {[%clk 0:01:26]} 53. b6 {[%clk 0:59:04]} Be4
{[%clk 0:01:05]} 54. Kc3 {[%clk 0:58:35]} Rc2+ {[%clk 0:00:55]} 55. Kb3
{[%clk 0:58:56]} Kd4 {[%clk 0:00:33]} 56. b7 {[%clk 0:58:29]} Rc3+
{[%clk 0:00:38]} 57. Kb2 {[%clk 0:58:53]} Rc2+ {[%clk 0:01:00]} 58. Kb3
{[%clk 0:58:48]} Rc3+ {[%clk 0:01:18]} 59. Kb2 {[%clk 0:59:11]} Rc2+
{[%clk 0:01:21]} 60. Kb3 {[%clk 0:59:34]} Rc3+ {[%clk 0:01:30]} 1/2-1/2

[Event "European Youth Chess Championship B16"]
[Site "Prague, Top Hotel Prague"]
[Date "2012.08.20"]
[Round "4.5"]
[White "Giroyan, Gary"]
[Black "Yanchenko, Roman"]
[Result "1/2-1/2"]
[WhiteElo "2394"]
[BlackElo "2230"]
[PlyCount "0"]
[EventDate "2012.08.17"]

1. d4 {[%clk 1:30:58]} d5 {[%clk 1:30:54]} 2. c4 {[%clk 1:31:23]} c6
{[%clk 1:31:20]} 3. Nc3 {[%clk 1:31:49]} Nf6 {[%clk 1:31:46]} 4. e3
{[%clk 1:32:16]} Bf5 {[%clk 1:31:54]} 5. cxd5 {[%clk 1:32:26]} cxd5
{[%clk 1:32:13]} 6. Qb3 {[%clk 1:32:49]} Bc8 {[%clk 1:15:34]} 7. Bb5+
{[%clk 1:32:10]} Nc6 {[%clk 1:12:53]} 8. Nf3 {[%clk 1:32:17]} e6 {[%clk 1:13:19]}
9. Ne5 {[%clk 1:14:53]} Qc7 {[%clk 1:09:45]} 10. Bd2 {[%clk 1:05:52]} a6
{[%clk 0:59:12]} 11. Bxc6+ {[%clk 1:03:56]} bxc6 {[%clk 0:59:40]} 12. Rc1
{[%clk 1:00:57]} c5 {[%clk 0:50:50]} 13. f4 {[%clk 0:45:33]} Rb8 {[%clk 0:39:03]}
14. Qa4+ {[%clk 0:43:12]} Nd7 {[%clk 0:38:24]} 15. dxc5 {[%clk 0:29:59]} Rxb2
{[%clk 0:31:43]} 16. Nd3 {[%clk 0:28:31]} Rb8 {[%clk 0:30:48]} 17. Ne2
{[%clk 0:28:31]} Be7 {[%clk 0:29:08]} 18. Nd4 {[%clk 0:26:55]} Bd8
{[%clk 0:28:08]} 19. O-O {[%clk 0:14:02]} O-O {[%clk 0:27:16]} 20. Be1
{[%clk 0:08:48]} Nf6 {[%clk 0:23:00]} 21. f5 {[%clk 0:04:36]} Ne4
{[%clk 0:19:14]} 22. fxe6 {[%clk 0:04:25]} fxe6 {[%clk 0:19:43]} 23. Rxf8+
{[%clk 0:04:02]} Kxf8 {[%clk 0:20:12]} 24. c6 {[%clk 0:03:19]} Bg5
{[%clk 0:17:55]} 25. Bb4+ {[%clk 0:03:25]} Kg8 {[%clk 0:17:57]} 26. Re1
{[%clk 0:02:42]} h6 {[%clk 0:12:12]} 27. Ba5 {[%clk 0:01:51]} Qf7
{[%clk 0:11:56]} 28. Nf3 {[%clk 0:01:30]} Bf6 {[%clk 0:11:43]} 29. Rf1
{[%clk 0:00:48]} Qa7 {[%clk 0:10:51]} 30. Nd4 {[%clk 0:01:02]} Rb5
{[%clk 0:05:44]} 31. Re1 {[%clk 0:00:37]} Bxd4 {[%clk 0:03:33]} 32. exd4 Rxa5
{[%clk 0:03:33]} 33. Qxa5 {[%clk 0:01:34]} Qxd4+ {[%clk 0:04:00]} 34. Kh1
{[%clk 0:01:59]} Qxd3 {[%clk 0:03:53]} 35. Qd8+ {[%clk 0:02:21]} Kh7
{[%clk 0:04:22]} 36. Qxc8 {[%clk 0:02:44]} Qd4 {[%clk 0:04:24]} 37. h3
{[%clk 0:01:51]} Nf2+ {[%clk 0:01:51]} 38. Kh2 {[%clk 0:02:18]} Qf4+
{[%clk 0:02:07]} 39. Kg1 {[%clk 0:02:04]} Nxh3+ {[%clk 0:01:24]} 40. gxh3
{[%clk 0:32:27]} Qg3+ {[%clk 0:31:50]} 41. Kf1 Qf3+ {[%clk 0:32:16]} 1/2-1/2

[Event "European Youth Chess Championship B16"]
[Site "Prague, Top Hotel Prague"]
[Date "2012.08.20"]
[Round "4.6"]
[White "Menezes, Christoph"]
[Black "Georgiadis, Nico"]
[Result "1-0"]
[WhiteElo "2279"]
[BlackElo "2345"]
[PlyCount "0"]
[EventDate "2012.08.17"]

1. d4 {[%clk 1:30:56]} Nf6 {[%clk 1:30:37]} 2. c4 {[%clk 1:31:13]} c5
{[%clk 1:31:03]} 3. d5 {[%clk 1:31:27]} b5 {[%clk 1:31:19]} 4. Nf3
{[%clk 1:31:28]} g6 {[%clk 1:31:16]} 5. cxb5 {[%clk 1:31:42]} a6 {[%clk 1:31:38]}
6. Qc2 {[%clk 1:31:48]} axb5 {[%clk 1:18:57]} 7. e4 {[%clk 1:31:07]} Qa5+
{[%clk 1:15:44]} 8. Bd2 {[%clk 1:31:09]} b4 {[%clk 1:16:05]} 9. Na3
{[%clk 1:31:12]} d6 {[%clk 1:08:30]} 10. Nc4 {[%clk 1:21:09]} Qd8
{[%clk 1:08:06]} 11. h3 {[%clk 1:14:18]} Bg7 {[%clk 1:07:33]} 12. Bd3
{[%clk 1:11:38]} O-O {[%clk 1:07:03]} 13. O-O {[%clk 1:11:43]} Na6
{[%clk 0:57:48]} 14. Bg5 {[%clk 1:01:37]} h6 {[%clk 0:52:39]} 15. Be3
{[%clk 1:00:36]} Nd7 {[%clk 0:49:13]} 16. Nfd2 {[%clk 0:46:09]} Nc7
{[%clk 0:39:26]} 17. f4 {[%clk 0:38:29]} Ba6 {[%clk 0:35:53]} 18. Kh1
{[%clk 0:33:57]} Nb5 {[%clk 0:29:06]} 19. e5 {[%clk 0:23:39]} dxe5
{[%clk 0:19:28]} 20. fxe5 {[%clk 0:22:41]} Nxe5 {[%clk 0:18:53]} 21. Nxe5
{[%clk 0:21:49]} Bxe5 {[%clk 0:19:08]} 22. Bxg6 {[%clk 0:16:59]} Bg7
{[%clk 0:08:20]} 23. Rxf7 {[%clk 0:08:16]} Qxd5 {[%clk 0:04:59]} 24. Bh7+
{[%clk 0:06:11]} Kh8 {[%clk 0:05:25]} 25. Rxg7 {[%clk 0:06:02]} Qe5
{[%clk 0:03:42]} 26. Bxh6 {[%clk 0:05:59]} Rf6 {[%clk 0:03:14]} 27. Nf3
{[%clk 0:05:40]} Qh5 {[%clk 0:01:38]} 28. Bg6 {[%clk 0:05:59]} Qd5
{[%clk 0:00:54]} 29. Rh7+ {[%clk 0:06:07]} Kg8 {[%clk 0:01:23]} 30. Bf7+ 1-0

[Event "European Youth Chess Championship B16"]
[Site "Prague, Top Hotel Prague"]
[Date "2012.08.20"]
[Round "4.7"]
[White "Sanzhaev, Darsen"]
[Black "Nuri, Murad"]
[Result "1-0"]
[WhiteElo "2335"]
[BlackElo "2097"]
[PlyCount "0"]
[EventDate "2012.08.17"]

1. d4 {[%clk 1:30:58]} g6 {[%clk 1:30:50]} 2. c4 {[%clk 1:31:24]} Bg7
{[%clk 1:31:15]} 3. g3 {[%clk 1:31:51]} d6 {[%clk 1:31:33]} 4. Bg2
{[%clk 1:32:11]} Nf6 {[%clk 1:31:18]} 5. Nf3 {[%clk 1:32:20]} O-O
{[%clk 1:31:41]} 6. O-O {[%clk 1:32:40]} Nc6 {[%clk 1:31:05]} 7. Nc3
{[%clk 1:32:11]} Bf5 {[%clk 1:31:22]} 8. d5 {[%clk 1:30:53]} Na5 {[%clk 1:31:46]}
9. Nd4 {[%clk 1:21:07]} Bd7 {[%clk 1:32:05]} 10. Qd3 {[%clk 1:19:13]} c5
{[%clk 1:32:20]} 11. Nc2 {[%clk 1:19:21]} a6 {[%clk 1:30:33]} 12. Rb1
{[%clk 1:19:10]} b5 {[%clk 1:22:23]} 13. b3 {[%clk 1:18:35]} Rb8 {[%clk 1:19:55]}
14. Bd2 {[%clk 1:14:27]} Qc7 {[%clk 1:19:56]} 15. Ne3 {[%clk 1:12:48]} bxc4
{[%clk 1:09:44]} 16. bxc4 {[%clk 1:13:04]} Ng4 {[%clk 1:09:59]} 17. Nxg4
{[%clk 1:13:04]} Bxg4 {[%clk 1:10:27]} 18. Ne4 {[%clk 1:12:51]} Bf5
{[%clk 0:47:34]} 19. h3 {[%clk 1:09:47]} e5 {[%clk 0:15:07]} 20. Qc2
{[%clk 0:56:37]} Bxe4 {[%clk 0:11:47]} 21. Bxe4 {[%clk 0:56:54]} Bf6
{[%clk 0:11:53]} 22. Qa4 {[%clk 0:56:48]} Rxb1 {[%clk 0:12:16]} 23. Bxb1
{[%clk 0:53:37]} Bd8 {[%clk 0:12:35]} 24. Bh6 {[%clk 0:53:42]} Qe7
{[%clk 0:10:07]} 25. Bxf8 {[%clk 0:53:35]} Kxf8 {[%clk 0:10:35]} 26. Qc2
{[%clk 0:52:39]} Kg7 {[%clk 0:09:34]} 27. Qc3 {[%clk 0:50:58]} Kg8
{[%clk 0:09:52]} 28. Bc2 {[%clk 0:50:18]} Qe8 {[%clk 0:07:56]} 29. f4
{[%clk 0:41:10]} exf4 {[%clk 0:05:34]} 30. gxf4 {[%clk 0:40:44]} Qxe2 31. Re1 Bf6
{[%clk 0:01:41]} 32. Rxe2 {[%clk 0:41:42]} Bxc3 {[%clk 0:02:06]} 33. Re8+
{[%clk 0:42:10]} Kg7 {[%clk 0:02:30]} 34. Bd3 {[%clk 0:42:27]} Kf6
{[%clk 0:01:47]} 35. Ra8 {[%clk 0:42:33]} Bd2 {[%clk 0:00:58]} 36. Rxa6
{[%clk 0:42:55]} Ke7 {[%clk 0:01:27]} 37. Ra7+ {[%clk 0:42:50]} Kf8
{[%clk 0:01:19]} 38. Kf2 {[%clk 0:43:07]} Ke8 {[%clk 0:01:42]} 39. Kf3
{[%clk 0:42:46]} Be1 {[%clk 0:01:02]} 40. f5 {[%clk 1:11:17]} gxf5
{[%clk 0:30:50]} 41. Kf4 {[%clk 1:11:28]} Bd2+ {[%clk 0:29:41]} 42. Kxf5
{[%clk 1:11:23]} h6 {[%clk 0:30:04]} 43. Be2 {[%clk 1:11:15]} Bc3
{[%clk 0:26:05]} 44. Ke4 {[%clk 1:11:40]} Be1 {[%clk 0:24:53]} 45. Kd3
{[%clk 1:12:08]} f6 {[%clk 0:23:40]} 46. Bd1 {[%clk 1:08:31]} Kf8
{[%clk 0:22:29]} 47. Bh5 {[%clk 1:08:03]} f5 {[%clk 0:19:37]} 48. Rf7+
{[%clk 1:08:05]} Kg8 {[%clk 0:20:01]} 49. Rxf5 {[%clk 1:08:04]} Bg3
{[%clk 0:19:48]} 50. Rf6 {[%clk 1:07:43]} Be5 {[%clk 0:20:03]} 51. Rf7
{[%clk 1:04:55]} Bg3 {[%clk 0:19:28]} 52. Ra7 {[%clk 1:05:23]} Be1
{[%clk 0:19:49]} 53. Ra6 {[%clk 1:05:45]} 1-0

[Event "European Youth Chess Championship B16"]
[Site "Prague, Top Hotel Prague"]
[Date "2012.08.20"]
[Round "4.9"]
[White "Dastan, Muhammed Batuhan"]
[Black "Ivekovic, Bozidar"]
[Result "1/2-1/2"]
[WhiteElo "2317"]
[BlackElo "2200"]
[PlyCount "0"]
[EventDate "2012.08.17"]

1. e4 {[%clk 1:30:57]} c5 {[%clk 1:30:43]} 2. Nf3 {[%clk 1:31:18]} d6
{[%clk 1:30:57]} 3. d4 {[%clk 1:31:36]} cxd4 {[%clk 1:31:00]} 4. Nxd4
{[%clk 1:31:59]} Nf6 {[%clk 1:31:10]} 5. Nc3 {[%clk 1:32:20]} Nc6
{[%clk 1:31:23]} 6. Bc4 {[%clk 1:32:31]} e6 {[%clk 1:30:56]} 7. Be3
{[%clk 1:31:46]} Be7 {[%clk 1:28:56]} 8. O-O {[%clk 1:31:39]} a6 {[%clk 1:27:30]}
9. Bb3 {[%clk 1:21:49]} Na5 {[%clk 1:24:49]} 10. f4 {[%clk 1:12:42]} Nxb3
{[%clk 1:25:13]} 11. axb3 {[%clk 1:12:49]} Qc7 {[%clk 1:19:26]} 12. Qf3
{[%clk 0:55:00]} O-O {[%clk 1:08:13]} 13. g4 {[%clk 0:41:57]} Nd7
{[%clk 1:03:32]} 14. g5 {[%clk 0:38:04]} Re8 {[%clk 0:58:04]} 15. Qg3
{[%clk 0:18:41]} Bf8 {[%clk 0:54:47]} 16. Rf3 {[%clk 0:14:54]} e5
{[%clk 0:52:23]} 17. Nd5 {[%clk 0:14:18]} Qd8 {[%clk 0:51:33]} 18. Nb5
{[%clk 0:13:49]} exf4 {[%clk 0:51:32]} 19. Rxf4 {[%clk 0:13:06]} Re5
{[%clk 0:49:07]} 20. h4 {[%clk 0:11:05]} Nc5 {[%clk 0:47:38]} 21. Nbc7
{[%clk 0:09:43]} Rb8 {[%clk 0:41:03]} 22. Qf3 {[%clk 0:08:25]} Ne6
{[%clk 0:39:34]} 23. Rxf7 {[%clk 0:08:32]} Nxc7 {[%clk 0:39:37]} 24. Nxc7
{[%clk 0:07:43]} Bg4 {[%clk 0:39:21]} 25. Rxf8+ {[%clk 0:04:11]} Qxf8
{[%clk 0:39:46]} 26. Qxg4 {[%clk 0:04:36]} Qe7 {[%clk 0:39:54]} 27. Bf4
{[%clk 0:03:21]} Qxc7 {[%clk 0:38:23]} 28. Bxe5 {[%clk 0:03:49]} Qc5+
{[%clk 0:38:25]} 29. Kh1 {[%clk 0:03:49]} Qxe5 {[%clk 0:38:51]} 30. Rd1
{[%clk 0:02:33]} Re8 {[%clk 0:38:33]} 31. c3 {[%clk 0:01:05]} Qxe4+
{[%clk 0:38:25]} 32. Qxe4 {[%clk 0:01:32]} Rxe4 {[%clk 0:38:49]} 33. Rxd6
{[%clk 0:01:33]} Rxh4+ {[%clk 0:38:43]} 34. Kg2 {[%clk 0:02:01]} Rg4+
{[%clk 0:39:03]} 35. Kf3 {[%clk 0:02:15]} Rxg5 {[%clk 0:39:31]} 36. Rd8+
{[%clk 0:02:40]} Kf7 {[%clk 0:39:54]} 37. Rd7+ {[%clk 0:03:07]} Kf6
{[%clk 0:39:48]} 38. Rxb7 {[%clk 0:03:34]} Rb5 {[%clk 0:39:53]} 39. Ra7
{[%clk 0:03:04]} Rxb3 {[%clk 0:40:18]} 40. Rxa6+ {[%clk 0:33:29]} Ke5
{[%clk 1:10:36]} 41. Ra5+ {[%clk 0:29:55]} Ke6 {[%clk 1:10:56]} 42. Ra6+
{[%clk 0:29:54]} Ke5 {[%clk 1:11:22]} 43. Ra5+ {[%clk 0:30:15]} Ke6
{[%clk 1:11:47]} 44. Ra6+ {[%clk 0:30:34]} Ke5 {[%clk 1:12:11]} 1/2-1/2